000 00313nam a2200121Ia 4500
008 190802s9999 xx 000 0 und d
020 _a0-19-547080-X
100 _aSyed Habib Ahmed
245 0 _aFrom South Asia to North America
260 _aOxford
_bOxford University Press
_c2016
300 _a402:p
942 _cBK
999 _c2456
_d2456